Fenomenos de bilocação (Record no. 63)

MARC details
000 -LÍDER
campo de controle de tamanho fixo 02033nam a2200277 4500
001 - NÚMERO DE CONTROLE
campo de controle 63
003 - IDENTIFICADOR DO NÚMERO DE CONTROLE
campo de controle OSt
005 - DATA E HORÁRIO DA ÚLTIMA TRANSAÇÃO
campo de controle 20250207100758.0
008 - CAMPO DE DADOS FIXOS--INFORMAÇÃO GERAL
campo de controle de tamanho fixo 250123b |||||||e |||| 00| 0 eng d
040 ## - FONTE DA CATALOGAÇÃO
Idioma da catalogação por
041 ## - CÓDIGO DE IDIOMA
Código do idioma do original e/ou traduções intermediárias do texto ita
Código do idioma do texto/trilha sonora ou título diferente por
082 ## - CDD - CLASSIFICAÇÃO DECIMAL DE DEWEY
Número de Classificação 133.9
Número do exemplar B793f
100 1# - ENTRADA PRINCIPAL--NOME PESSOAL
Nome pessoal Bozzano, Ernesto,
Datas associadas ao nome 1862-1943
9 (RLIN) 163
240 ## - TÍTULO UNIFORME
Título uniforme Considérations et hypothéses sur les phénomènes de bilocation
245 ## - TÍTULO
Título Fenomenos de bilocação
Restante do título (desdobramento) /
Indicação de responsabilidade, etc. Bozzano, Ernesto ; Tradução de Dr. Francisco Klors Werneck e Prefácio de Dr. Carlos Imbassahy
260 ## - PUBLICAÇÃO, DISTRIBUIÇÃO, ETC.
Local de publicação, distribuição, etc. São Paulo
Nome do editor, distribuidor, etc. Correio Fraterno
Data da publicação, distribuição, etc. 1983
300 ## - DESCRIÇÃO FÍSICA
Extensão 151 p.
520 ## - NOTA DE RESUMO, ETC.
Resumo, etc. O termo “bilocação” é utilizado para denominar o fenômeno<br/>supranormal em que um mesmo indivíduo aparece simultaneamente em dois lugares distintos. Na realidade, o que ocorre nesse<br/>fenômeno é a separação temporária, nos seres encarnados, entre<br/>o espírito e o seu corpo físico.<br/>Nesta obra Ernesto Bozzano expõe, classifica e comenta os<br/>vários tipos de fenômenos de bilocação. O autor demonstra que o<br/>ser humano possui um corpo etéreo que pode, em certas circunstâncias, afastar-se do corpo físico e retornar após realizar alguma<br/>tarefa ou apenas ter feito um pequeno passeio.<br/>O autor procura demonstrar que o fenômeno de bilocação é<br/>um dos mais propícios a evidenciar a independência da alma em<br/>relação ao corpo físico. Provado que o Espírito não está definitivamente preso ao organismo, fácil é compreender que esse<br/>espírito possa, no final da vida, desligar-se para sempre do seu<br/>envoltório carnal, para continuar a viver fora dele, nessa fase<br/>intérmina da existência, a que chamamos morte, mas que, na<br/>verdade, é simplesmente a continuação da vida e da evolução<br/>infinitas
650 #0 - ASSUNTO--TERMO TÓPICO
Cabeçalho tópico ou nome geográfico Literatura italiana
9 (RLIN) 164
650 #0 - ASSUNTO--TERMO TÓPICO
Cabeçalho tópico ou nome geográfico Estudos Espíritas
9 (RLIN) 165
650 #0 - ASSUNTO--TERMO TÓPICO
Cabeçalho tópico ou nome geográfico Mediunidade
9 (RLIN) 166
650 #0 - ASSUNTO--TERMO TÓPICO
Cabeçalho tópico ou nome geográfico Teoria
9 (RLIN) 6
700 ## - ENTRADA ADICIONADA - NOME PESSOAL
Nome pessoal Dr. Francisco Klors Werneck
Função do autor por extenso Tradutor
9 (RLIN) 167
700 ## - ENTRADA ADICIONADA - NOME PESSOAL
Nome pessoal Dr. Carlos Imbassahy
Função do autor por extenso Prefácio
9 (RLIN) 168
942 ## - ELEMENTOS DE ENTRADA ADICIONADOS (KOHA)
Fonte de classificação ou esquema de arquivamento Classificação decimal de Dewey
Ocultar no OPAC Não
Tipo de material Koha Livros
Holdings
Situação do descarte Situação das perdas Fonte de classificação ou esquema de arquivamento Status danificado Não pode ser emprestado Coleção Biblioteca de origem Biblioteca atual Localização na estante Data de aquisição Fonte de aquisição Total de empréstimos Número de chamada completo Código de barras Data de último acesso Data do preço efetivo Tipo de material Koha
    Classificação decimal de Dewey     Não ficção Biblioteca Professor Eduardo Afonso de Castro Biblioteca Professor Eduardo Afonso de Castro Obras Espíritas 14.10.1992 doação   133.9 / B793f 2025-9574 23.01.2025 23.01.2025 Livros

Powered by Koha